000 00532nam a2200193Ia 4500
003 0
005 20241113171058.0
008 191129s9999 xx 000 0 und d
020 _a9789710023318
050 _aHG 179
_b.C118 2018
082 _aTR 658.15
_bC118 2018
100 _aCacanando, Jose Feron
245 _cJose Feron Cacanando
_aCreating wealth and managing finances/
260 _aManila:
_bCSM Publishing
_c2018
300 _a127 p. ;
_bill. :
_c20 cm.
650 _aBusiness
650 _aFinancial
942 _2lcc
_cBK
999 _c362765
_d362765